| 000 | 02165nam0a2200373 i 4500 | ||
|---|---|---|---|
| 001 | RU\NLR\BIBL_A\010802631 | ||
| 005 | 20260407142809.0 | ||
| 010 |
_a9785898071783 _9100 |
||
| 021 |
_aRU _b2015-37471 _92222 |
||
| 035 | _a(NILC)RuMoRGB-007935336 | ||
| 035 | _a(NLR Aleph) 010802631 | ||
| 090 |
_a10168202 _c10168202 |
||
| 100 | _a20150716d2014 km y0rusy50 ca | ||
| 101 | 0 |
_arus _aeng _achi |
|
| 102 | _aRU | ||
| 105 | _aa|||z|||100zy | ||
| 200 | 1 |
_aПроблемы современного образования в условиях глобализации _e[сборник статей] _fII Международная научно-методическая конференция (Чита, 30 апреля 2014 г.) |
|
| 210 |
_aЧита _cЗабайкальский институт предпринимательства Сибирского университета потребительской кооперации _d2014 |
||
| 215 |
_a289 с. _cил., табл. _d20 |
||
| 300 | _aВ надзаг.: Негосударственное образовательное учреждение высш. проф. образования Центросоюза Российской Федерации, Сибирский ун-т потребительской кооперации, Забайкальский ин-т предпринимательства | ||
| 300 | _aТекст на рус., англ., кит. яз. | ||
| 320 | _aБиблиогр. в конце ст. | ||
| 606 | 1 |
_aОбразование _jСъезды, совещания и т.п _z21 в. _92492412 _3RU\NLR\AUTH\661478793 |
|
| 610 | 0 | _aобразование | |
| 610 | 0 | _aпедагогика | |
| 610 | 0 | _aвысшее образование | |
| 610 | 0 | _aшкольное образование | |
| 686 | 1 | _aЧ34(0)я431 | |
| 712 | 0 | 2 |
_4570 _aСибирский университет потребительской кооперации _cНовосибирск _9525394 _3RU\NLR\AUTH\8810013748 |
| 801 | 0 |
_aRU _bРГБ _c20150518 _gRCR |
|
| 942 | _cBOOK | ||
| 980 | _aNBR | ||